Normal view
MARC view
Entry Uniform Title
001 - CONTROL NUMBER
- control field: 10732
003 - CONTROL NUMBER IDENTIFIER
- control field: BD-RjUL
005 - DATE AND TIME OF LATEST TRANSACTION
- control field: 20231227111236.0
008 - FIXED-LENGTH DATA ELEMENTS
- fixed length control field: 231227|| aca||aabn | a|a d
040 ## - CATALOGING SOURCE
- Original cataloging agency: BD-RjUL
- Transcribing agency: BD-RjUL
130 ## - HEADING--UNIFORM TITLE
- Uniform title: Chiltern library
670 ## - SOURCE DATA FOUND
- Source citation: Work cat.: (BD-RjUL)54398: Disraeli, Benjamin, 1804-1881. 162320, Coningsby : or the new generation /, 1948